​​​​​​eyes don’t lie - Isabel LaRosa - All Lyrics - Statistics

General Stats
  • This quiz has been taken 43 times
  • The average score is 111 of 143
Answer Stats
Answer % Correct
don't
100%
Eyes
96%
lie
96%
you,
96%
You
96%
you
96%
mine
92%
Say
92%
say
92%
your
92%
you're
92%
I
84%
me
84%
know
76%
my
72%
tell
72%
Tell
72%
have
64%
Then
64%
to
64%
with
64%
baby
60%
beautiful,
60%
body
60%
close
60%
Darlin',
60%
that
60%
feel
56%
hate
56%
keep
56%
try
56%
Wanna
56%
Yeah,
56%
divine
52%
look
52%
nobody
52%
Can't
48%
knows
48%
secrets
48%
weakness
48%
fingertips
44%
in
44%
shit
44%
this
44%
between
40%
get
40%
life
40%
lips
40%
stories
40%
friends
36%
control
28%
swear
28%
losing
24%
Pull
20%
exchanging
16%
skin,
16%
souls
16%
Trace
16%
No matching quizzes found
Score Distribution
Percent of People with Each Score
Percentile by Number Answered
Your Score History
You have not taken this quiz